000 00347nam a22001457a 4500
020 _a1-932705-38-4
082 _a900
_bMAS/I
100 _aMASSELOS, JIM
245 _aINDIAN NATIONALISM A HISTORY
250 _aREVISED EDITION
260 _aDELHI
_bNEW DAWN PRESS GROUP
_c2005
300 _a308
650 _aHISTORY REFERENCE
_zINDIA
942 _cBK
999 _c1628
_d1628